El acoso de Dios: meditaciones sobre la vida religiosa según el año litúrgico

Gorde:
Xehetasun bibliografikoak
Egile nagusia: Pronzato, Alessandro (Egilea)
Formatua: Liburua
Hizkuntza:gaztelania
Argitaratua: Salamanca Ediciones Sígueme 1981
Edizioa:6a. ed
Gaiak:
Etiketak: Etiketa erantsi
Etiketarik gabe, Izan zaitez lehena erregistro honi etiketa jartzen!

MARC

LEADER 00000cam a2200000 a 4500
001 UCE2400
003 CL-VaPUC
008 140703e19810000sp |||||||||||||||||spa|d
020 |a 8430105670 
082 0 4 |a 264.02  |b PRO  |2 21 
100 0 |a Pronzato, Alessandro  |e author  |9 574863 
245 1 3 |a El acoso de Dios: meditaciones sobre la vida religiosa según el año litúrgico 
250 |a 6a. ed 
300 |a v 
942 |c BK 
945 |d 20140703 14:09:00  |a dcastane 
260 |a Salamanca  |b Ediciones Sígueme  |c 1981 
500 |a v.3: Cuaresma y Pascua 
650 0 |a Teología sistemática  |9 522913 
650 7 |a LITURGIA  |2 CL-VaPUC  |9 574864 
650 0 |a Educación religiosa   |9 308312 
650 0 |a Año litúrgico  |9 345616 
583 |a last modification  |c 20140703 14:09:00  |k Rodrigo Vera 
999 |c 356001  |d 355999